00892nam a22002655i 450000100060000000300090000600500170001500700030003200800410003502000180007604000220009408000190011610000360013524500800017125000120025126000590026330000210032249000130034350000350035665100420039183000210043385200330045499900170048795201220050412316ES-MaACL20230906150304.0t|920227s1991 sp ||||0| spa j a84-7492-537-1 aM-BN bspa cM-BN a946.011"00/04"1 aStork Gadea, Magdalena.910833113aLa antigua Galicia b: seis cuadros históricos / cMagdalena Stork Gadea. a2ª ed. aSada, A Coruña : bEdiciós do Castro, cD.L. 1991. a162 p ; c24 cm.1 aHistoria aTexto en español e inglés. 4aGalicia-xHistoria-yHasta S.V.987320 aHistoria9177536 aES-MaACLjL-19561 bR.122732 c12316d12316 00104070aATENEOMbATENEOMcDEPO2d2008-01-17eSCl0oL-19561p1012551r2023-02-23 00:00:00w2023-02-23yMONOGRAFIA